| 000 | 00426nam a2200109Ia 4500 | ||
|---|---|---|---|
| 008 | 160909s9999 xx 000 0 und d | ||
| 100 | _aConnaghan, Karen M. | ||
| 245 | _aEssential entrepreneurial and innovation practices of executive leaders in California education service agencies | ||
| 260 |
_bPepperdine University. _c2016 |
||
| 650 | _aENTREPRENEURSHIP | ||
| 856 | _uhttp://pqdtopen.proquest.com/doc/1802044969.html?FMT=ABS | ||
| 999 |
_c304395 _d304395 |
||